00488nam a2200169 a 450000100100000000500170001000800410002702000180006804000250008608200190011110000220013024500650015226000360021730000210025349000220027483000220029600004251420201002040214.0131205s2008 sp 000 0 spa d a9788498950052 aDO-SdBNPbspacBNPHU axxxxxxbxxxxxx1 aSaer, Juan José13aEl Arte de Narrar :bpoemas (1960-1987) /cJuan José Saer. aMadrid, :bVisor libros,c2008. a174 p. ;c20 cm.1 aVisor de poesía 0aVisor de poesía